00590nam a22001937a 4500003000600000005001700006008004100023040000800064082001900072110001100091245006200102250001800164260003000182300002000212500009100232650003600323650002200359650001500381GBCCL20241126110605.0180517b ||||| |||| 00| 0 eng d cgbc a227.83007bTAF aTAFTEE aLeadership in the Church:bBased on the pastoral epistles a3rd ed. (DTP) aBangalore:bTAFTEE,c1996 a252 p.;c29 cm. aA degree level course of the Association for Theological Education by Extension, India aBiblevNew TestamentxTimothy I aPastoral epistles aLeadership